LEADER 01081nam0-22003011i-450- 001 990006387650403321 005 20070723133022.0 035 $a000638765 035 $aFED01000638765 035 $a(Aleph)000638765FED01 035 $a000638765 100 $a20000112d1981----km-y0itay50------ba 101 0 $aita 105 $a--------00-yy 200 1 $a<>Basilicata nel Risorgimento politico italiano$e1700-1870$esaggio di un dizionario bio-bibliografico$fTommaso Pedìo 210 $aSala Bolognese$cArnaldo Forni$d1981 324 $aRist. anastatica dell'ed. di Potenza, 1962 Titolo originale: Saggio bibliografico sulla Basilicata : dalle origini del Risorgimento alla repressione del brigantaggio (1700-1870) 676 $a945.77 700 1$aPedìo,$bTommaso$f<1917-2000>$0343128 801 0$aIT$bUNINA$gRICA$2UNIMARC 901 $aBK 912 $a990006387650403321 952 $aXIX A 165$b35697*$fFGBC 952 $aXIV G 99$b28964$fFSPBC 959 $aFSPBC 959 $aFGBC 996 $aBasilicata nel Risorgimento politico italiano$9660626 997 $aUNINA LEADER 00815nam0-22002891i-450- 001 990000007720403321 035 $a000000772 035 $aFED01000000772 035 $a(Aleph)000000772FED01 035 $a000000772 100 $a20011111d--------km-y0itay50------ba 101 0 $aita 105 $ay-------001yy 200 1 $aMicromolecules et matieres plastiques$fJacques Duclaux. 210 $aParis$cPresses universitaires de France$d1950 215 $a199 p.$cill.$d18 cm 225 1 $a<>science vivante 676 $a668.4 700 1$aDuclaux,$bJacques$0672 801 0$aIT$bUNINA$gRICA$2UNIMARC 901 $aBK 912 $a990000007720403321 952 $a13 B 11 08$b20676$fFINBC 959 $aFINBC 996 $aMicromolecules et matieres plastiques$9107688 997 $aUNINA DB $aING01